The elements of statistical learning : data mining, inference, and prediction /

Dettagli Bibliografici
Autore principale: Hastie, Trevor
Altri autori: Tibshirani, Robert, Friedman, J. H. (Jerome H.)
Natura: Libro
Lingua:English
Pubblicazione: New York, NY : Springer, c2009
Edizione:Second edition.
Serie:Springer series in statistics,
Soggetti:
Classic Catalogue: View this record in Classic Catalogue
LEADER 03536nam a2200481 a 4500
001 21974
003 BD-DhAAL
005 20251021113653.0
008 110223s2009 nyua b 001 0 eng d
010 |a  2008941148 
020 |a 9780387848570 (hardcover : alk. paper) 
020 |a 9780387848587 (electronic) 
040 |a DLC  |c DLC  |d DLC  |d BD-DhAAL 
082 0 0 |a 006.31  |2 22 
100 1 |a Hastie, Trevor.  |9 21596 
245 1 4 |a The elements of statistical learning :  |b data mining, inference, and prediction /  |c Trevor Hastie, Robert Tibshirani, Jerome Friedman. 
250 |a Second edition. 
260 |a New York, NY :  |b Springer,  |c c2009  |g (2017 printing) 
300 |a xxii, 745 pages :  |b illustrations (some colors) ;  |c 25 cm 
490 0 |a Springer series in statistics,  |x 0172-7397 
504 |a Includes bibliographical references (pages [699]-727) and index. 
526 |a CSE  |x Annajiat Alim Rasel Senior Lecturer Department of Computer Science and Engineering BRAC University Course Name : Advanced Syntactic Pattern Recognition (CSE713) 
541 1 |a Hye Trade International  |e 21974, 31848, 31849, 44954, 44955, 44956 
650 0 |a Machine learning.  |9 21597 
650 0 |a Statistics  |x Methodology.  |9 21598 
650 0 |a Data mining.  |9 21599 
650 0 |a Bioinformatics.  |9 21600 
650 0 |a Inference.  |9 21601 
650 0 |a Forecasting.  |9 21602 
650 0 |a Computational intelligence.  |9 21603 
650 0 |a Computer science.  |9 42375 
700 1 |a Tibshirani, Robert.  |9 21604 
700 1 |a Friedman, J. H.  |q (Jerome H.)  |9 21605 
830 |a Springer series in statistics,  |x 0172-7397  |9 59693 
852 4 |a Ayesha Abed Library  |j General Stacks 
942 |2 ddc  |c BK 
999 |c 10479  |d 10479 
952 |0 0  |1 0  |2 ddc  |4 0  |6 006_310000000000000_HAS  |7 0  |9 14431  |a BRACUL  |b BRACUL  |c GEN  |d 2011-02-24  |e Karim International  |g 6.00  |l 14  |m 168  |o 006.31 HAS  |p 3010021974  |r 2025-10-11  |s 2024-12-15  |t 1  |w 2011-02-24  |y BK 
952 |0 0  |1 0  |2 ddc  |4 0  |6 006_310000000000000_HAS  |7 0  |9 60679  |a BRACUL  |b BRACUL  |c GEN  |d 2017-05-18  |e Karim International  |g 5600.00  |l 11  |m 187  |o 006.31 HAS  |p 3010031849  |r 2025-08-06  |s 2024-09-09  |t 3  |v 5600.00  |w 2017-05-18  |y BK 
952 |0 0  |1 0  |2 ddc  |4 0  |6 006_310000000000000_HAS  |7 0  |9 60680  |a BRACUL  |b BRACUL  |c GEN  |d 2017-05-18  |e Karim International  |g 5600.00  |l 8  |m 118  |o 006.31 HAS  |p 3010031848  |q 2025-11-25  |r 2025-11-18  |s 2025-11-18  |t 2  |v 5600.00  |w 2017-05-18  |y BK 
952 |0 0  |1 0  |2 ddc  |4 0  |6 006_310000000000000_HAS  |7 0  |9 78369  |a BRACUL  |b BRACUL  |c NEW  |d 2025-10-19  |e Hye Trade International  |g 6263.00  |l 1  |m 26  |o 006.31 HAS  |p 3010044956  |q 2026-06-02  |r 2025-10-27  |s 2025-10-27  |t 6  |v 12526.00  |w 2025-10-19  |y BK  |x Requisitioned by Annajiat Alim Rasel (Senior Lecturer, Department of Computer Science and Engineering, BRAC University) for the course named- 'Advanced Syntactic Pattern Recognition (CSE713)'. 
952 |0 0  |1 0  |2 ddc  |4 0  |6 006_310000000000000_HAS  |7 0  |9 78370  |a BRACUL  |b BRACUL  |c GEN  |d 2025-10-19  |e Hye Trade International  |g 6263.00  |l 0  |o 006.31 HAS  |p 3010044955  |r 2025-10-19  |t 5  |v 12526.00  |w 2025-10-19  |y BK  |x Requisitioned by Annajiat Alim Rasel (Senior Lecturer, Department of Computer Science and Engineering, BRAC University) for the course named- 'Advanced Syntactic Pattern Recognition (CSE713)'. 
952 |0 0  |1 0  |2 ddc  |4 0  |6 006_310000000000000_HAS  |7 0  |9 78371  |a BRACUL  |b BRACUL  |c GEN  |d 2025-10-19  |e Hye Trade International  |g 6263.00  |l 0  |o 006.31 HAS  |p 3010044954  |r 2025-10-19  |t 4  |v 12526.00  |w 2025-10-19  |y BK  |x Requisitioned by Annajiat Alim Rasel (Senior Lecturer, Department of Computer Science and Engineering, BRAC University) for the course named- 'Advanced Syntactic Pattern Recognition (CSE713)'.